A Course in civil engineering drawing (Record no. 4931)

MARC details
000 -LEADER
fixed length control field 00416nam a22001697a 4500
005 - DATE AND TIME OF LATEST TRANSACTION
control field 20160630125431.0
008 - FIXED-LENGTH DATA ELEMENTS--GENERAL INFORMATION
fixed length control field 160630b xxu||||| |||| 00| 0 eng d
020 ## - INTERNATIONAL STANDARD BOOK NUMBER
ISBN 81-88458-88-0
041 ## - LANGUAGE CODE
Language code of text/sound track or separate title eng
082 ## - DEWEY DECIMAL CLASSIFICATION NUMBER
Item number 14151
100 ## - MAIN ENTRY--AUTHOR NAME
Personal name Sikka, V B
245 ## - TITLE STATEMENT
Title A Course in civil engineering drawing
260 ## - PUBLICATION, DISTRIBUTION, ETC. (IMPRINT)
Name of publisher S.K. Kataria & Sons
Year of publication 2012
300 ## - PHYSICAL DESCRIPTION
Number of Pages 545
650 ## - SUBJECT ADDED ENTRY--TOPICAL TERM
Topical Term Diploma Engineering
942 ## - ADDED ENTRY ELEMENTS (KOHA)
Koha item type Books
Holdings
Lost status Damaged status Home library Current library Shelving location Date acquired Cost, normal purchase price Full call number Accession Number Koha item type Collection code
    JRU Library   SHELF-47-A 30/06/2016 265.00 624.022 2 14151 Books  
    JRU Library   SHELF-47-A 30/06/2016 265.00 624.022 2 14152 Books  
    JRU Library   SHELF-47-A 30/06/2016 265.00 624.022 2 14153 Books  
    JRU Library   SHELF-47-A 30/06/2016 265.00 624.022 2 14154 Books  
    JRU Library   SHELF-47-A 30/06/2016 265.00 624.022 2 14155 Books  
    JRU Library   SHELF-47-A 30/06/2016 265.00 624.022 2 14156 Books  
    JRU Library   SHELF-47-A 30/06/2016 265.00 624.022 2 14157 Books  
    JRU Library   SHELF-47-A 30/06/2016 265.00 14151 14158 Books  
    JRU Library   SHELF-47-A 30/06/2016 265.00 14151 14159 Books  
    JRU Library   SHELF-72-A 30/06/2016 265.00 624.022 2 14160 Books Reference
    JRU Library   SHELF-47-A 30/06/2016 265.00 14151 14161 Books  
    JRU Library   SHELF-47-A 30/06/2016 265.00 14151 14162 Books  
    JRU Library   SHELF-47-A 30/06/2016 265.00 14151 14163 Books  
    JRU Library   SHELF-47-A 30/06/2016 265.00 14151 14164 Books  
    JRU Library   SHELF-47-A 30/06/2016 265.00 14151 14165 Books  
    JRU Library   SHELF-47-A 30/06/2016 265.00 14151 14166 Books  
    JRU Library   SHELF-47-A 30/06/2016 265.00 14151 14167 Books  
    JRU Library   SHELF-47-A 30/06/2016 265.00 14151 14168 Books  
    JRU Library   SHELF-47-A 30/06/2016 265.00 14151 14169 Books  
    JRU Library   SHELF-47-A 30/06/2016 265.00 14151 14170 Books  
    JRU Library   SHELF-47-A 30/06/2016 265.00 14151 14171 Books  
    JRU Library   SHELF-47-A 30/06/2016 265.00 14151 14172 Books  
    JRU Library   SHELF-47-A 30/06/2016 265.00 14151 14173 Books  
    JRU Library   SHELF-47-A 30/06/2016 265.00 14151 14174 Books